000 00928nam a2200253Ia 4500
003 OSt
005 20221005111916.0
006 a|||||r|||| 00| 0
007 ta
008 221004b |||||||| |||| 00| 0 hin d
024 _a30077
037 _cTextual
040 _aCRL
_cCRL
_bhin
041 _2hin
_ahin
082 _aO15v, 152L5
100 _aगैरोला, वाचस्पति
245 0 _aसंस्कृत साहित्य का इतिहास
246 _aSanskṛut sāhitya kā itihāsa
260 _aवाराणसी
_bचौखम्बा वि़़़द्याभवन भारत
_c1975
300 _a687पृ.
_ccm.
490 _aविद्याभवन राष्ट्रभाषा ग्रंथमाला; 28
942 _hO15v, 152L5
_cTEXL
_2cc
999 _c1023266
_d1023266